000 00675 a2200205 4500
001 60970
005 20260407155900.0
008 260407a1973 arg spa d
003 AR-UNSa-BCEJYS
040 _aAR-UNSa-BCEJYS
_bspa
_cAR-UNSa-BCEJYS
080 _a342.4
_xConstituciones. Asambleas legislativas. Asambleas nacionales (Reforma...)
245 1 0 _aConstitución de la Nación Argentina
_pConcordada con sus reformas y antecedentes
264 1 _aBuenos Aires :
_bAstrea
_c1973
300 _a370 p.
_c17 cm.
041 _aspa
942 _cBK
590 _aniveau_biblio:m niveau_hierar:0
100 1 _aZarini, Helio Juan
700 1 _aArgentina [Constitucion Nacional]
999 _c7160
_d7160